| 000 | 00861nam a2200217 i 4500 | ||
|---|---|---|---|
| 001 | 110243 | ||
| 003 | ES-MaACL | ||
| 005 | 20230906185017.0 | ||
| 007 | t| | ||
| 008 | 061121s1903 sp c |||| | spa d | ||
| 100 | 1 |
_aOctavio de Toledo, José María. _986508 |
|
| 245 | 1 | 0 |
_aCatálogo de la Librería del Cabildo Toledano / _cpor D. José María Octavio de Toledo. |
| 260 |
_aMadrid : _bRevista de Archivos, Bibliotecas y Museos, _c1903. |
||
| 300 |
_a1 v. (137 p.) ; _c25 cm. |
||
| 490 | 1 |
_aBiblioteca de la Revista de archivos, bibliotecas y museos ; _v3 |
|
| 505 | 8 | _aContiene: 1ª parte, Manuscritos | |
| 610 | 2 | 4 |
_aCatedral Primada de Toledo. _bBiblioteca Capitular- _vCatálogos. _9169667 |
| 830 | 0 |
_aBiblioteca de la Revista de archivos, bibliotecas y museos ; _v3 _9185621 |
|
| 852 |
_aES-MaACL _jC-2376 _z- Enc. hol. |
||
| 999 |
_c110243 _d110243 |
||